Normal view
MARC view
Entry Nombre personal
001 - NÚMERO DE CONTROL
- campo de control: 28839
003 - IDENTIFICADOR DEL NÚMERO DE CONTROL
- campo de control: BNPHU
005 - FECHA Y HORA DE LA ÚLTIMA TRANSACCIÓN
- campo de control: 20240228134022.0
008 - DATOS DE LONGITUD FIJA
- campo de control de longitud fija: 200615|| aca||aabn | a|a d
040 ## - FUENTE DE LA CATALOGACIÓN
- Centro catalogador/agencia de origen: DO-SdBNP
- Lengua de catalogación: spa
- Centro/agencia transcriptor: BNPHU
- Normas de descripción: rda
100 1# - ENCABEZAMIENTO-NOMBRE DE PERSONA
- Nombre de persona: Ciprián Ogando, Cornelio,
- Fechas asociadas al nombre: 1959-
370 ## - LUGAR ASOCIADO
- Lugar de nacimiento: San Juan de la Maguana (República Dominicana)
374 ## - OCUPACIÓN
- Ocupación: Abogado
- Ocupación: Escritor
375 ## - GÉNERO/SEXO
- Género/Sexo: Masculino
377 ## - LENGUA/LENGUAJE ASOCIADO
- Código del idioma: spa
400 1# - TRAZADO DE VÉASE--NOMBRE DE PERSONA
- Nombre de persona: Ogando, Cornelio Ciprián,
- Fechas asociadas al nombre: 1959-
670 ## - FUENTE DE DATOS ENCONTRADOS
- Cita de la fuente: Work cat.: (OSt)11876: Ciprián Ogando, Cornelio, 1959-, Amalgama a media tinta /, 1995.
670 ## - FUENTE DE DATOS ENCONTRADOS
- Cita de la fuente: Ciprián Ogando, Cornelio, 1959. Principios capitales /, 2017
